Fiestas en español - Statistics

General Stats
  • This quiz has been taken 47 times
    5 since last reset
  • The average score is 7 of 30
Answer Stats
English Español % Correct
New Year (Year New) Año nuevo
100%
Mothers Day Dia de la madre
67%
Christmas (Dec 25th) Navidad
67%
New Year's Eve (Night-old) Nochevieja
67%
Santa Claus Papá Noel
67%
Easter (April 5th) Pascua
67%
Day of the Dead (Nov 1st/2nd) Día de los muertos
33%
Fathers Day Dia del padre
33%
Balloon el globo
33%
Zombie el zombi
33%
Congratulations! ¡Felicidades!
33%
Fireworks los fuegos artificiales
33%
Christmas Eve (Night-good) Nochebuena
33%
Halloween/Night of Witches (Oct 31st) Noche de brujas
33%
St. Patrick's day (March 17th) Dia de san Patricio
0%
Valentine's day (Feb 14th) Día de san Valentín
0%
Christmas tree el árbol de Navidad
0%
Engagement el compromiso
0%
Skeleton el esqueleto
0%
Ghost el fantasma
0%
Monster el monstruo
0%
Cake el pastel
0%
Vampire el vampiro
0%
Wedding la boda
0%
Witch la bruja
0%
Pumpkin la calabaza
0%
Mummy la momia
0%
Sweets/Candy los dulces
0%
Presents los regalos
0%
Trick or Treat? ¿Truco o trato?
0%
No matching quizzes found
Score Distribution
Percent of People with Each Score
Percentile by Number Answered
Your Score History
You have not taken this quiz since the last reset